Quiz sur Pluton - Statistiques

Statistiques générales
  • Ce quiz a été pris 2 250 fois
    2 238 depuis la dernière actualisation
  • Le résultat moyen est 8 sur 14
Statistiques - réponses
Question Réponse % Correct
Quelle planète se trouve parfois plus éloignée du Soleil que Pluton ? Neptune
87%
Pluton tient son nom d'un dieu Romain. Quel est son nom dans la mythologie grecque ? Hadès
83%
Sur quel royaume règne-t-il dans ces deux mythologies ? Les Enfers
83%
Le plutonium tient son nom de Pluton. Quelle ville fut détruite par une bombe au plutonium ? Nagasaki
80%
De quelle nationalité était Clyde William Tombaugh, découvreur de Pluton en 1930 ? Américaine
76%
Quel est le pays ou empire le plus récent à avoir une superficie supérieure à celle de Pluton ? Russie
76%
En 2006, Pluton a perdu son statut de planète. Dans quelle catégorie le range-t-on désormais ? Planète naine
69%
Quel télescope spatial a découvert, entre autres, les quatre autres lunes de Pluton ? Hubble
60%
Dans quelle zone du Système Solaire peut-on trouver Pluton ? Ceinture de {Kuiper}
39%
Quel nom porte sa plus grande lune, qui fait plus de la moitié du diamètre de Pluton ? Charon
27%
La région Tombaugh est la plus brillante sur Pluton. À quelle forme anatomique la compare-t-on ? Un cœur
27%
Quelle sonde de la NASA fut la première à survoler Pluton, en 2015 ? New {Horizons}
26%
Quel astre plus massif que Pluton, découvert en 2005, a mené à cette rétrogradation ? Éris
16%
Lorsque cette planète réalise 3 tours autour du Soleil, Pluton en fait 2.Quelle catégorie regroupe tous les objets qui ont cette propriété ? P{lutino}
7%
Aucun quiz correspondant
Distribution des résultats
% des personnes avec chaque résultat
Percentile par nombre de réponses
Votre historique - résultats
Vous n’avez pas pris ce quiz depuis la dernière actualisation